000
00262nam a2200109Ia 4500
008
240625s9999 xx 000 0 und d
041
_a
eng
082
_a
658.408 TRI
100
_a
TRICKER BOB
245
_a
CORPORATE GOVERNANCE PRINCIPLES POLICIES
260
_c
2013
999
_c
38635
_d
38635